| 000 | 00544 a2200181 4500 | ||
|---|---|---|---|
| 003 | OSt | ||
| 005 | 20240130105719.0 | ||
| 008 | 240130b |||||||| |||| 00| 0 eng d | ||
| 020 | _a9789382581444 | ||
| 040 | _coclc | ||
| 082 |
_a306.872 _bALA/P |
||
| 100 |
_aSulthan Al Amri, Shaikh _910336 |
||
| 245 |
_aPriyathamanu: _bOru Bharyayude Paribhavamozhikal / _cShaikh Sulthan Al Amri |
||
| 250 | _a3rd ed. | ||
| 260 |
_aKochi: _bDa'wa Books, _c2014. |
||
| 300 | _a70p. | ||
| 942 |
_2ddc _cBK _h306.872 _iALA/P _k306.872 _mALA/P |
||
| 999 |
_c43365 _d43365 |
||